Europe Borderless Map Quiz - Statistics

General Stats
  • This quiz has been taken 1,716 times
  • The average score is 31 of 45
Answers on the Map
Answers color-coded by a green-red scale on the quiz's map according to % correct below.
 
Answer Stats
Answer % Correct
Finland
83%
Denmark
82%
Andorra
81%
Germany
79%
United Kingdom
79%
Ireland
78%
Malta
78%
Iceland
77%
Italy
76%
Norway
76%
Portugal
76%
Monaco
75%
Belgium
74%
Czech Republic
74%
France
74%
Netherlands
74%
Albania
73%
Greece
73%
Spain
73%
Ukraine
73%
Latvia
72%
Russia
72%
Poland
70%
Sweden
70%
San Marino
69%
Belarus
68%
Romania
68%
Croatia
67%
Luxembourg
67%
Austria
66%
Bulgaria
66%
Estonia
65%
Lithuania
64%
Moldova
64%
Serbia
64%
Bosnia
63%
Switzerland
63%
Hungary
62%
Slovakia
60%
Montenegro
59%
Slovenia
59%
Vatican City
57%
Kosovo
54%
Liechtenstein
54%
Macedonia
54%
No matching quizzes found
Score Distribution
Percent of People with Each Score
Percentile by Number Answered
Your Score History
You have not taken this quiz